000
00223nam a2200085Ia 4500
245
0
_a
The battle for Gullywith
100
_a
Hill, Susan London, 2009
_9
82701
942
_c
BK
008
210817s9999 xx 000 0 und d
999
_c
401037
_d
401036